Städte Ungarns - Statistiken

Allgemein
  • Dieses Quiz wurde 269 mal gespielt
  • Das Durchschnittsergebnis liegt bei 8 aus 20
Antwortstatistiken
Rang Einwohner Stadt % Korrekt
1 1.752.286 Budapest
100%
2 201.432 Debrezin
81%
6 132.038 Raab
76%
3 160.766 Szegedin
71%
5 142.873 Fünfkirchen
66%
14 62.671 Ödenburg
53%
9 96.940 Stuhlweißenburg
53%
4 154.521 Mischkolz
48%
13 65.845 Totiserkolonie
41%
10 78.407 Steinamanger
37%
7 116.799 Birkenkirchen
32%
8 110.687 Ketschkemet
32%
19 52.898 Erlau
29%
16 59.738 Weißbrünn
29%
11 71.285 Sollnock
20%
18 57.403 Egersee
18%
12 68.211 Hanselbeck
13%
15 61.441 Kopisch
13%
20 46.649 Großkirchen
12%
17 58.996 Tschabe
9%
Keine übereinstimmenden Quizze gefunden
Verteilung der Resultate
Anzahl Personen mit jedem Resultat
Perzentil nach korrekt beantworteten Fragen
Ihre Resultats-Entwicklung
Sie haben dieses Quiz noch nicht gespielt